| 000 | 00987aab a2200217 i 4500 | ||
|---|---|---|---|
| 001 | 768714001 | ||
| 003 | CO-MdFUSB | ||
| 005 | 20250718141735.0 | ||
| 008 | 170517s1997 cr ||||| |||| 00| 0 spa d | ||
| 040 |
_aCO-MdFUSB _bspa _cCO-MdFUSB _dCO-MdFUSB |
||
| 041 | _aspa | ||
| 100 | 1 |
_aHughes, R. Kent- _eautor |
|
| 245 |
_aPorqué los pastores adúlteros no debieran ser restaurados _c/ R. Kent Hughes , John H. Armstrong |
||
| 300 |
_a Volumen 14, número 4 (julio - septiembre, 1997), páginas: 28 - 32 _c; 27 cm |
||
| 520 | _a"Perdonar a un pastor que ha caído y restaurarlo a la membresía de la iglesia es muy distinto que restaurarlo a su cargo de pastor" "El adulterio pastoral hace que el pastor quede descalificado" | ||
| 650 | 0 |
_9228 _aConsejería pastoral |
|
| 700 |
_aArmstrong, John H., _eautor |
||
| 773 | 0 |
_tApuntes Pastorales _049442 _960172 _gVolumen 14, número 4 (julio - septiembre, 1997), páginas: 28 - 32 _qpágina: 28 |
|
| 942 | _cANA | ||
| 945 | _aJTF-925 | ||
| 999 |
_c58653 _d58653 |
||